000 00720nam a2200205Ia 4500
005 20260121110144.0
008 008 260114s9999 xx 000 0 hin d
020 _a9788132356370
037 _aEBOOK
040 _aCRL
_bhin
_cCRL
041 _ahin
_2hin
084 _qCRL
100 _aविधान सिंह / Vidhan Singh
_9942723
245 0 _aमहाजनपद की सामाजिक स्थिति का विश्लेषण / Mahajanapad ki Samajik Sthiti ka Vishleshan
260 _bभाषा प्रकाशन / Bhasha Prakashan
_c2021
856 _uhttps://bhashaprakashan.com/product-details/378774
942 _cEBOOK
999 _c1534388
_d1534388